000 00624nmc a2200253 a 4500
003 AR-BaBNM
005 20251128204305.0
008 027019s1990 ||||||||||||||000 | spa||
040 _cAR-BaBNM
100 1 _aIsaías, Jorge
245 1 0 _aCrónica gringa
250 _a4ª ed. aum. y corr.
260 _aBuenos Aires
_bLa Cachimba
_c1990
300 _a94 p.
490 0 _aPoesía
650 4 _aLITERATURA ARGENTINA
650 4 _aPOESIA
650 4 _aLITERATURA CONTEMPORANEA
650 4 _aCOSTUMBRES Y TRADICIONES
650 4 _aLITERATURA FOLKLORICA
655 _aLITERATURA
942 _cBK
998 _cMARTIN
999 _c6889
_d6889